[Event "Tata Steel 2021"]
[Site "Wijk aan Zee"]
[Date "17.01.2021"]
[Round "2"]
[White "Tari, Aryan"]
[Black "Wojtaszek, Radoslaw"]
[Result "1/2-1/2"]
[WhiteTitle "GM"]
[BlackTitle "GM"]
[WhiteElo "2625"]
[BlackElo "2705"]
[WhiteFideId "1510045"]
[BlackFideId "1118358"]
[EventDate "2021.01.16"]

1. e4 c5 2. Nf3 d6 3. Bb5+ Nd7 4. a4 Nf6 5. Nc3 a6 6. Be2 b6 7. d4 cxd4 8. Qxd4
e5 9. Qe3 Bb7 10. O-O Be7 11. Nd2 O-O 12. Rd1 Qc7 13. b3 Nc5 14. Bb2 h6 15. b4
Ne6 16. Nc4 Nd7 17. a5 b5 18. Nb6 Nxb6 19. axb6 Qb8 20. Qg3 Kh8 21. Bc1 Bc6 22.
Be3 Nf4 23. Bxf4 exf4 24. Qxf4 Qxb6 25. Nd5 Bxd5 26. Rxd5 Qc6 27. Bd3 Qc3 28.
Rb1 a5 29. bxa5 Rxa5 30. g3 Kg8 31. Rdxb5 Rxb5 32. Rxb5 Qc7 33. h4 Bf6 34. Qf5
Be5 35. h5 Rb8 36. Rxb8+ Qxb8 37. Bc4 Qc7 38. Bd5 Bf6 39. c4 Bd4 40. Kg2 Bc3 41.
f4 Bd4 42. Kh3 Kf8 43. g4 Qa7 44. g5 hxg5 45. fxg5 Be5 46. Kh4 Ke8 47. c5 Qxc5
48. Qxf7+ Kd8 49. Be6 Qc6 50. Bf5 Qb5 51. h6 gxh6 52. gxh6 Qe8 53. Qc4 Ke7 54.
h7 Qf7 55. Qc1 Qf6+ 56. Kh3 Qg7 57. Qc7+ Ke8 58. Qc8+ Ke7 59. Qd7+ Kf8 60. Qd8+
Kf7 61. Qg8+ Ke7 62. Qe6+ Kf8 63. Qc8+ Ke7 64. Qc7+ Ke8 65. Qb8+ Ke7 66. Qa7+
Kf8 67. Qf2 Qh6+ 68. Kg4 Kg7 1/2-1/2

"Tata Steel 2021"]
[Site "W

[Event "Tata Steel 2021"]
[Site "Wijk aan Zee"]
[Date "18.01.2021"]
[Round "3"]
[White "Carlsen,M"]
[Black "Tari,A"]
[Result "1/2-1/2"]
[WhiteElo "2862"]
[BlackElo "2625"]
[EventDate "2021.01.15"]

1. d4 Nf6 2. c4 e6 3. Nf3 d5 4. Nc3 c5 5. cxd5 cxd4 6. Qxd4 exd5 7. e4 dxe4
8. Qxd8+ Kxd8 9. Ng5 Be6 10. Nxe6+ fxe6 11. Bg5 Nc6 12. O-O-O+ Ke8 13. Bb5
Rc8 14. Kb1 Bb4 15. Bxf6 gxf6 16. Nxe4 f5 17. Ng5 Ke7 18. a3 Ba5 19. f4 h6
20. Nf3 Rhd8 21. Rxd8 Nxd8 22. Rd1 Rc7 23. Ne5 a6 24. Be2 Bb6 25. Ng6+ Ke8
26. Bh5 Nc6 27. g4 fxg4 28. Rd6 Kf7 29. f5 Kf6 30. fxe6 Kg5 31. Rd5+ Kf6
32. Nf4 Be3 33. Ng2 Bg5 34. Bxg4 Ne5 35. Bh3 h5 36. Ka2 Re7 37. Ne1 Bf4 38.
Nf3 Nxf3 39. Rf5+ Kg6 40. Rxf4 Nxh2 41. Kb3 Ng4 42. Bxg4 hxg4 43. Rxg4+ Kf5
44. Rb4 Kxe6 45. Rb6+ Kf7 46. Kb4 Ke8 47. Rd6 Rd7 48. Kc5 Rxd6 49. Kxd6 Kd8
50. b4 Kc8 51. a4 Kd8 52. b5 axb5 53. axb5 Kc8 54. b6 Kb8 55. Kd7 Ka8 56.
Kc7 1/2-1/2

[Event ijk aan Zee"]
[Date "18.01.2021"]
[Round "3"]
[White "Giri,A"]
[Black "Donchenko,Alexa"]
[Result "1/2-1/2"]
[WhiteElo "2764"]
[BlackElo "2668"]
[EventDate "2021.01.15"]

1. d4 Nf6 2. c4 e6 3. Nc3 Bb4 4. Nf3 O-O 5. Bd2 b6 6. e3 Bxc3 7. Bxc3 Ne4
8. Rc1 Bb7 9. Bd3 d6 10. O-O Nxc3 11. Rxc3 Nd7 12. d5 e5 13. e4 a5 14. Bc2
Nc5 15. g3 c6 16. dxc6 Bxc6 17. Qe2 Qe7 18. Qe3 g6 19. Re1 Rae8 20. b3 Kh8
21. Nh4 Rb8 22. a3 Ne6 23. b4 axb4 24. axb4 Nd4 25. Bd1 Ba8 26. Nf3 Ne6 27.
Ra3 f5 28. exf5 Rxf5 29. Nd2 Rf7 30. f4 Nd4 31. fxe5 dxe5 32. Qxe5+ Qxe5
33. Rxe5 Nc6 34. Re1 Nxb4 35. Nf3 Bxf3 36. Rxf3 Rxf3 37. Bxf3 b5 38. cxb5
Rxb5 39. Rb1 Rb8 40. Rd1 Rf8 41. Be4 Na6 42. Rc1 Rf7 1/2-1/2